000 01782cad a22002535a 4500
001 L138834
005 20240828100754.0
008 160519s2008 xxk f 000 0 eng d
020 _a9781842194010
035 _a(Sirsi) u138834
041 0 _aeng
110 2 _aRoyal Institution of Chartered Surveyors
_bValuation Faculty
_94354
245 0 0 _aValuation of development land
_bValuation Information Paper No 12
_h[archived]
260 _a[lONDONS.l.]
_bRICS
_c2008
490 0 _aValuation Information Paper
_v(12)
520 _aDiscusses the approach to the valuation of property where the proposed development is of a cleared or greenfield site or where the site is to be redeveloped by removing all or substantially all of the existing buildings and construction new buildings. Does not apply to redevelopment based on a refurbishment of existing buildings with limited demolition. Explains two approaches to the valuation of deveopment land: Firstly a comparson with the sale price of land for comparable development (comparative method) and secondly the assessment of the value of the scheme as comleted and deduction of the costs of development (including developer's profit) to arrive at the underlying land value. This is known as the residual method.
520 _asuperseded by Valuation of Development Property Effective, ISBN 9781783213719, from 1st Feb 2020.
590 _aKA
651 4 _aUnited Kingdom
690 _aValuation
_96273
856 4 0 _uhttps://web.archive.org/web/20170722101143/http://www.rics.org/Global/Downloads/12_ValDvpmtLand_2008.pdf
_zView archived copy on internet archive
856 4 0 _uhttps://www.isurv.com/downloads/file/7858/archived_vip_12_valuation_of_development_land
_zArchived on isurv (subscription required)
942 _n0
_2ddc
999 _c107258
_d107258